[Event "Gyongyos Matra Cup"]
[Site "Gyongyos"]
[Date "1998.??.??"]
[Round "4"]
[White "Szucs, Imre"]
[Black "Samu, Janos"]
[Result "1/2-1/2"]
[WhiteElo "2015"]
[BlackElo "2040"]
[PlyCount "121"]
[EventDate "1998.??.??"]
[EventType "swiss"]
[EventRounds "9"]
[EventCountry "HUN"]
[SourceTitle "EXT 2000"]
[Source "ChessBase"]
[SourceDate "1999.11.16"]
[SourceVersion "1"]
[SourceVersionDate "1999.11.16"]
[SourceQuality "1"]

1. d4 d5 2. e4 e6 3. Nc3 c6 4. Nf3 Nd7 5. Bd3 dxe4 6. Nxe4 Ngf6 7. Ng3 Be7 8. 0-0 0-0 9. Re1 Re8 10. c3 Qc7 11. Ne5 Bd6 12. Nc4 Bf4 13. Bxf4 Qxf4 14. Qd2 Qc7 15. Rad1 b6 16. Ne5 Bb7 17. Qg5 h6 18. Qh4 c5 19. f3 Rad8 20. Bb5 a6 21. Ba4 b5 22. Bb3 c4 23. Bc2 Nxe5 24. Rxe5 Rd5 25. Rde1 Red8 26. Ne4 Nh7 27. Nc5 Bc8 28. Qg3 Rxe5 29. Qxe5 Qxe5 30. Bxh7+ Kxh7 31. Rxe5 Kg6 32. Kf2 Rd5 33. Re3 Kh7 34. g4 g6 35. Kg3 Kg7 36. h4 Kf8 37. Kf4 Kg7 38. g5 Rf5+ 39. Kg4 hxg5 40. hxg5 e5 41. Kh4 exd4 42. cxd4 Rf4+ 43. Kg3 Rxd4 44. Re8 Bf5 45. Ra8 Rd2 46. Nxa6 Rxb2 47. Nc7 Bd7 48. Ra7 Rd2 49. Rb7 Rxa2 50. Nxb5 Bxb5 51. Rxb5 c3 52. Rc5 Rc2 53. Rc7 Rc1 54. Kf4 c2 55. Rc8 f5 56. gxf6+ Kxf6 57. Ke3 Re1+ 58. Kd2 c1Q+ 59. Rxc1 Rxc1 60. Kxc1 Kf5 61. Kd2 1/2-1/2